000 01065nam a22003017a 4500
003 CHAP
005 20220817042546.0
008 971013s1982 r 00010 d
010 _a48102
011 _a49074
035 _a53222
040 _cCHAP
090 _aFolleto 8970
100 0 0 _aSalinas de Gortari, Carlos.
_9101651
245 _aPolitical participation, public investment, and support for the system
_b: a comparative study of rural communities in Mexico
260 _aSan Diego, Cal. :
_bUniversity of California. Center for U.sS. - Mexican Studies,
_c1982
300 _a45 p.
_b; gráfs.
490 _aResearch report series
_v; 35
590 _aBATCH-UPD
_b10
_c20130110
_lUCH01
_h1133
590 _aBATCH-UPD
_b10
_c20130410
_lUCH01
_h0721
590 _aBATCH-UPD
_b10
_c20130914
_lUCH01
_h1825
590 _aCONVERSION
_b10
_c20130109
_lUCH01
_h1326
650 1 4 _aMéxico
_xCondiciones rurales.
830 0 _aResearch report series
_v; 35
_996081
901 _aBK
942 _cFOLL
949 _aFolleto 8970
_bBC
_cFOLL
_d-118165
_eTS1
_gI.c/e
_i53222
_si
999 _c48102
_d48102